000 00528nam a2200205Ia 4500
001 21906
003 GE_BSU
008 181216s||||||||xx |||||||||||||| ||und||
040 _cGE_BSU
080 _aპერიოდიკა
245 4 _aThe Economist, May 20th-26th. 2017
245 _bNumber 9041 Volume 423
260 _aParis
260 _c2017
300 _a86 p. 27cm.
653 _aNumber 9041 Volume 423
653 _aThe Economist, May 20th-26th. 2017
653 _aპერიოდიკა
942 _cCR
999 _c54837
_d54837